• 首页
  • 本馆介绍
  • 公告通知
  • 最新文献
  • 馆藏检索
  • 电子资源
  • 读者导购
  • 参考咨询
  • 我的图书馆
  • 登录
  • 详细信息显示
  • 放入我的书架
  • 预约/预借图书
  • 作者相关作品
  • 分类相关作品
  • 丛书相关作品
  • 出版社相关作品

书目信息

  • 表格格式
  • 工作单格式
  • 卡片格式
题名:
致命打击
    
 
作者: 比德曼 , 赞布罗 著 ;小小冰人 译
分册:  
出版信息: 北京   台海出版社  2018
页数: 368页
开本: 23cm
丛书名: 指文战史系列
单 册:
中图分类: I516.55 , K512.54
科图分类:
主题词: 回忆录--德国--现代 , 苏联卫国战争--德国--现代
电子资源:
ISBN: 978-7-5168-1931-9
000 01379nam 2200337 450
001 012001007207
005 20131018172443.0
010    @a978-7-5168-1931-9@dCNY119.80
099    @aCAL 012018176187
100    @a20180905d2018 em y0chiy50 ea
101 1  @achi@ceng
102    @aCN@b110000
105    @aa z 000yy
106    @ar
200 1  @a致命打击@Azhi ming da ji@e一个德国士兵的苏德战争回忆录@f(德) 戈特洛布·赫伯特·比德曼, (美) 德里克·S·赞布罗著@g小小冰人译
210    @a北京@c台海出版社@d2018
215    @a368页@c照片@d23cm
225 2  @a指文战史系列
305    @a由堪萨斯大学出版社授权出版
330    @a本书描写了二战德国第132步兵师一名普通步兵 —— 戈特洛布·比德曼的苏德战场经历: 1942年参加对塞瓦斯托波尔要塞的进攻, 1943年加入列宁格勒战役, 1944年苏军的庞大攻势将德国一整个集团军群围困在波罗地海沿岸的库尔兰包围圈内, 比德曼在那里结束了他的战争。
410  0 @12001 @a指文战史系列
517 1  @a一个德国士兵的苏德战争回忆录@Ayi ge de guo shi bing de su de zhan zheng hui yi lu
606 0  @a回忆录@y德国@z现代
606 0  @a苏联卫国战争@y德国@z现代
690    @aI516.55@v5
690    @aK512.54@v5
701  1 @a比德曼@Abi de man@g(Bidermann, Gottlob Herbert)@4著
701  1 @a赞布罗@Azan bu luo@g(Zumbro, Derek S.)@4著
702  0 @a小小冰人@Axiao xiao bing ren@4译
801  0 @aCN@b上海新华@c20191020
905    @b1176268-70@dI516.55@e200@f3
    
    致命打击:一个德国士兵的苏德战争回忆录/(德) 戈特洛布·赫伯特·比德曼, (美) 德里克·S·赞布罗著/小小冰人译.-北京:台海出版社,2018
    368页:照片;23cm.-(指文战史系列)
    
    
    ISBN 978-7-5168-1931-9:CNY119.80
    本书描写了二战德国第132步兵师一名普通步兵 —— 戈特洛布·比德曼的苏德战场经历: 1942年参加对塞瓦斯托波尔要塞的进攻, 1943年加入列宁格勒战役, 1944年苏军的庞大攻势将德国一整个集团军群围困在波罗地海沿岸的库尔兰包围圈内, 比德曼在那里结束了他的战争。
●
相关链接 在E读中查询图书 在五车中查询图书 在当当中查询图书 在豆瓣中查询图书


正题名:致命打击     索取号:I516.55/200         预约/预借

序号 登录号 条形码 馆藏地/架位号 状态 备注
1 1176268   211762680   第一样本阅览室/ [索取号:I516.55/200] 在馆    
2 1176269   211762699   第二借阅区/ [索取号:I516.55/200] 在馆    
3 1176270   211762706   第二借阅区/ [索取号:I516.55/200] 在馆    
唐山师范学院图书馆 欢迎您!
大连网信软件有限公司© 版权所有